ბათუმის შოთა რუსთაველის სახელმწიფო უნივერსიტეტის ბიბლიოთეკა

სიტყვის შეუძლებლობა : (ბიბ.ჩანაწერი № 63324)

000 -ლიდერი
ფიქსირებული სიგრძის საკონტროლო ველი 00997nam a22001937a 4500
003 - საკონტროლო ნომრის იდენტიფიკატორი
საკონტროლო ველი Ge_BSU
005 - ბოლო ოპერაციის თარიღი და დრო
საკონტროლო ველი 20250915152430.0
008 - ფიქსირებული სიგრძის მონაცემთა ელემენტები - ზოგადი ინფორმაცია
ფიქსირებული სიგრძის საკონტროლო ველი 250915s2023 ge ||||| |||| 00| 0 geo d
020 ## - წიგნის საერთაშორისო სტანდარტული ნომერი
International Standard Book Number 9789941861154
041 ## - ენის კოდი
Language code of text/sound track or separate title geo
080 ## - უნივერსალური ათობითი კლასიფიკაციის ინდექსი
Universal Decimal Classification number 821.353.1-4 ბ-32
100 ## - მთავარი ჩანაწერი - პიროვნების სახელი
Personal name ბარბაქაძე, დათო
9 (RLIN) 25811
245 ## - ცნობა სათაურის შესახებ
Title სიტყვის შეუძლებლობა :
Remainder of title ესსეები და ჩანაწერები /
Statement of responsibility, etc დათო ბარბაქაძე.
264 ## - წარმოების, გამოცემის, დისტრიბუციის და სხვა ცნობები
გამოცემის, წარმოების, დისტრიბუციის... ადგილი თბილისი :
გამოცემის, წარმოების, დისტრიბუციის... სახელწოდება თვითგამომცემლობა მერწყული,
გამოცემის, წარმოების, დისტრიბუციის... თარიღი 2023.
300 ## - ფიზიკური აღწერა
Extent 269 გვ. ;
Other physical details 21 სმ.
500 ## - ზოგადი შენიშვნა
General note გამოიცა ავტორის გერმანული და ავსტრიული ლიტერატურული სტიპენდიენტებიდან დანაზოგი თანხით.
653 ## - INDEX TERM--UNCONTROLLED
Uncontrolled term ქართული ესე
942 ## - ADDED ENTRY ELEMENTS (KOHA)
Source of classification or shelving scheme
Koha item type წიგნი
ეგზემპლარები
ჩამოწერის სტატუსი დაკარგული ეგზემპლარის სტატუსი კლასიფიკაციის წყარო ან თაროზე გაწყობის სქემა დაზიანების სტატუსი არ გაიცემა მუდმივი მდებარეობა (დაცვის ადგილი) ამჟამინდელი ადგილსამყოფელი თაროზე განთავსების ადგილი შეძენის თარიღი ღირებულება, შესყიდვის ნორმალური ფასი სრული შენახვის შიფრი შტრიხკოდი ბოლო ოპერაციის თარიღი ეგზემპლარის მიმდევრობითი ნომერი (კეტერი?) Uniform Resource Identifier ფასის ძალაში შესვლის თარიღი ეგზემპლარის სახეობა საჯარო შენიშვნა
          ბათუმის შოთა რუსთაველის სახელმწიფო უნივერსიტეტის მთავარი ბიბლიოთეკა ბათუმის შოთა რუსთაველის სახელმწიფო უნივერსიტეტის მთავარი ბიბლიოთეკა წიგნსაცავი 2025-09-15 8.00 821.353.1-4 ბ-32 72339 2025-09-15 72339 ნაჩუქარი 2025-09-15 წიგნი 8 ლ.